| 000 | 00514 a2200181 4500 | ||
|---|---|---|---|
| 003 | OSt | ||
| 005 | 20231227110547.0 | ||
| 008 | 231214b |||||||| |||| 00| 0 eng d | ||
| 020 | _a9789395280587 | ||
| 040 | _coclc | ||
| 082 |
_a894.8121 _bTHI/T |
||
| 100 |
_aThiruvalluvar _910122 |
||
| 245 |
_aThirukkural / _cThiruvalluvar |
||
| 250 | _a1st ed. | ||
| 260 |
_aThiruvananthapuram: _bNational Book Stall, _c2022. |
||
| 300 | _a352p. | ||
| 942 |
_2ddc _cBK _iTHI/T _mTHI/T _h894.8121 _k894.8121 |
||
| 999 |
_c44115 _d44115 |
||